Fallout - All Creatures - Statistics

General Stats
  • This quiz has been taken 250 times
    238 since last reset
  • The average score is 23 of 86
Answer Stats
Location Name % Correct
California Deathclaw
93%
California (Feral) Ghoul
85%
California Super Mutant
84%
Capital Wasteland Super Mutant Behemoth
84%
Capital Wasteland Mirelurk
78%
Capital Wasteland Mirelurk Hunter
78%
Capital Wasteland Mirelurk King
78%
Commonwealth Mirelurk Queen
78%
California Radscorpion
78%
Commonwealth Radroach
77%
Capital Wasteland Bloatfly
73%
California Dog
69%
California Mole Rat
66%
California Brahmin
58%
Capital Wasteland Yao Guai
56%
Mojave Desert Cazador
54%
California Centaur
52%
Commonwealth Bloodbug
48%
Nuka World Ant
47%
West Coast Gecko
47%
Commonwealth Cat
41%
The Island Gulper
37%
Commonwealth Stingwing
37%
Commonwealth Radstag
35%
Capital Wasteland Fire Ant
34%
The Island Fog Crawler
33%
Nuka World Gatorclaw
33%
The Island Wolf
33%
The Island Angler
29%
Mojave Desert Nightstalker
28%
California Mantis
27%
Nuka World Rad-Rat
27%
Nuka World Nukalurk
26%
Nuka World Nukalurk Hunter
26%
Nuka World Nukalurk King
26%
Nuka World Nukalurk Queen
26%
Nuka World Bloodworm
25%
Mothership Zeta Alien
24%
Commonwealth Gorilla
22%
California Coyote
20%
California Giant Rat
19%
Mojave Desert Bark Scorpion
17%
Mojave Desert Bighorner
16%
Nuka World Cave Cricket
16%
California Floater
16%
The Island Hermit Crab
16%
Mojave Desert Spore Carrier
15%
The Island Rad Chicken
13%
The Pitt Trog
13%
West Coast Lobotomite
11%
Nuka World Gazelle
10%
The Divide Marked Men
10%
The Island Rad Rabbit
10%
The Divide Tunneler
10%
Nuka World Brahmiluff
9%
Sierra Madre Ghost People
9%
Nuka World Ghoulrilla
9%
West Coast Wanamingo
9%
Commonwealth Fish
8%
Commonwealth Raven
7%
Mothership Zeta Abomination
6%
West Virginia Scorchbeast
6%
West Coast Spore Plant
6%
West Coast Cyberdog
5%
The Island Fog Ghoul
5%
California Iguana
4%
California Pig Rat
4%
Commonwealth Radgull
4%
California Donkey
3%
California Giant Catfish
3%
California Horned Kangaroo
3%
West Virginia Megasloth
3%
Commonwealth Squirrel
3%
The Island Whale
3%
California Dwarf
2%
California Pit Viper
2%
West Virginia Snallygaster
2%
West Coast Badger
1%
California Sand Shark
1%
West Coast Slag
1%
West Virginia Conqueror
0%
West Virginia Giant Frog
0%
Nuka World Quantum Deathclaw
0%
West Virginia Radwasp
0%
West Virginia The Grafton Monster
0%
West Coast Venus Mantrap
0%
No matching quizzes found
Score Distribution
Percent of People with Each Score
Percentile by Number Answered
Your Score History
You have not taken this quiz since the last reset